Keputusan yang bijak

Bibliographic Details
Main Author: Ahmad Radzi Adil
Format: Book
Published: Kuala Lumpur : Berlian Publications , 2003
Series:Siri Motivasi Berlian
Subjects:

MARC

LEADER 00000cam a2200000 7i4500
001 0000012161
005 20071204.0
020 |a 9832179289 
090 0 0 |a 158.1   |b AHM 
100 0 |a Ahmad Radzi Adil 
245 1 0 |a Keputusan yang bijak   |c Ahmad Radzi Adil 
260 |a Kuala Lumpur :   |b Berlian Publications ,   |c 2003 
440 |a Siri Motivasi Berlian 
650 0 |a Success 
650 0 |a Success   |x Psychology aspects 
999 |a 0001004698   |b Book   |c Adult Collection   |e Perbadanan Perpustakaan Awam Johor 
999 |a 0001004699   |b Book   |c Adult Collection   |e Perbadanan Perpustakaan Awam Johor